বরিশালের সংবাদ ও সাময়িকপত্র : (Record no. 41281)
[ view plain ]
| 000 -LEADER | |
|---|---|
| fixed length control field | 01024nam a2200229 a 4500 |
| 001 - CONTROL NUMBER | |
| control field | 41281 |
| 003 - CONTROL NUMBER IDENTIFIER | |
| rucl marc code | BD-RjUL |
| 005 - DATE AND TIME OF LATEST TRANSACTION | |
| control field | 20211209053346.0 |
| 008 - FIXED-LENGTH DATA ELEMENTS--GENERAL INFORMATION | |
| fixed length control field | 160528s2001 bg ||||| |||| 00| 0 ben d |
| 020 ## - INTERNATIONAL STANDARD BOOK NUMBER | |
| International Standard Book Number | 9840741543 |
| Terms of availability | : TK 80.00 |
| 035 ## - SYSTEM CONTROL NUMBER | |
| System control number | (BD-RjUL) 41398 |
| 040 ## - CATALOGING SOURCE | |
| Original cataloging agency | BD-RjUL |
| Language of cataloging | ben |
| Transcribing agency | BD-RjUL |
| 041 ## - LANGUAGE CODE | |
| Language code of text/sound track or separate title | ben |
| 082 ## - DEWEY DECIMAL CLASSIFICATION NUMBER | |
| Edition number | 23 |
| Classification number | 303.4201 |
| Author mark and year | CHB 2001 |
| 100 ## - MAIN ENTRY--PERSONAL NAME | |
| Personal name | চক্রবর্তী, তপংকর |
| 9 (RLIN) | 126986 |
| 245 10 - TITLE STATEMENT | |
| Title | বরিশালের সংবাদ ও সাময়িকপত্র : |
| Remainder of title | ১৮৫৯-১৯৭১ / |
| Statement of responsibility, etc. | তপপ্নগকর চক্রবর্তী |
| 260 ## - PUBLICATION, DISTRIBUTION, ETC. (IMPRINT) | |
| Place of publication, distribution, etc. | ঢাকা : |
| Name of publisher, distributor, etc. | জাতীয় সাহিত্য প্রকাশ, |
| Date of publication, distribution, etc. | ২০০১ |
| 300 ## - PHYSICAL DESCRIPTION | |
| Pagination | [১০], ১৭৯ পৃ. |
| Size | ২১ সেমি. |
| 651 ## - SUBJECT ADDED ENTRY--GEOGRAPHIC NAME | |
| Geographic name | Bengal (India) |
| Relator term | |
| General subdivision | Social conditions |
| Chronological subdivision | 19th century. |
| 9 (RLIN) | 126987 |
| Field link and sequence number | |
| Geographic name | বাংলা (ভারত) |
| General subdivision | সামাজিক অবস্থা |
| Chronological subdivision | উনবিংশ শতাব্দী |
| 9 (RLIN) | 126988 |
| 942 ## - ADDED ENTRY ELEMENTS (KOHA) | |
| Source of classification or shelving scheme | Dewey Decimal Classification |
| Koha item type | Books |
| Lost status | Source of classification or shelving scheme | Damaged status | Not for loan | Collection code | Permanent Location | Current Location | Shelving location | Date acquired | Source of acquisition | Cost, normal purchase price | Total Checkouts | Full call number | Date last seen | Copy number | Koha item type |
|---|---|---|---|---|---|---|---|---|---|---|---|---|---|---|---|
| Dewey Decimal Classification | Non-fiction | Central Library, University of Rajshahi | Central Library, University of Rajshahi | 09/06/2011 | Bangla Academy, Dhaka | 80.00 | B 303.4201 CHB 2001 | 28/05/2016 | C-2 | Books | |||||
| Dewey Decimal Classification | Not For Loan | Non-fiction | Central Library, University of Rajshahi | Central Library, University of Rajshahi | Reading Room | 09/06/2011 | Bangla Academy, Dhaka | 80.00 | B 303.4201 CHB 2001 | 05/12/2016 | C-1 | Books |